Možnosti financovania podnikových investícií bakalárska práca

Gespeichert in:
Bibliographische Detailangaben
1. Verfasser: Škulcová, Kristína
Körperschaft: Národohospodárska fakulta EU. Katedra financií
Weitere Verfasser: Belanová, Katarína, 1978-
Format: Buch
Sprache:Slowakisch
Veröffentlicht: Bratislava 2013
Tags: Tag hinzufügen
Keine Tags, Fügen Sie das erste Tag hinzu!

MARC

LEADER 00000nbm a2200000 4500
001 0176152
005 20170209090705.4
041 0 |a slo 
044 |a SK 
245 1 0 |a Možnosti financovania podnikových investícií  |b bakalárska práca  |c Kristína Škulcová ; školiteľ: Katarína Belanová 
264 1 |a Bratislava  |c 2013 
300 |a 58 s. 
100 1 |a Škulcová, Kristína 
700 1 |a Belanová, Katarína, 1978- 
710 2 |a Národohospodárska fakulta EU. Katedra financií